00979nam a22002777a 450000500170000001000150001702000110003203500130004303700130005608200120006910000190008124500960010025000110019626000410020727000530024830000340030149000270033550500670036265000150042965000210044465000240046570000200048994200260050999900170053595201490055220100823105324.0 aENG-101306 c500.00 aEN-84839 bDBAD/PUB a347.052 aManohar916787 aThe AIR manual :bunrepealed central acts (civil and criminal) /cby Manohar [and] Chitaley a6th ed aNagpurbThe All India Reporterc2004 aPost Box No. 209, Congress NagarbNagpure440012 av.12 (xxxii,800p.)c25cm (Hb) aAIR publication916788 aV.12- Constitution of India Article 226 Note 49 to Article 227 aLaw916789 aCivil law916790 aCriminal law916791 aChitaley916093 2ddccENh347.052mMAN c42947d42947 00103v.1240718NFICaDBADbDBADd2010-08-23eDBAD/PUBg500.00l0o347.052 MANpEN-84839r2010-08-23 00:00:00t1v500.00w2010-08-23yENzv.12